Исследование по оптимизации усилия фрезерования резьбы в суперсплаве; Современные проблемы машиностроения

Библиографические подробности
Источник:Современные проблемы машиностроения.— 2022.— [С. 130-131]
Главный автор: Петровский Е. Н. Евгений Николаевич
Автор-организация: Национальный исследовательский Томский политехнический университет Инженерная школа новых производственных технологий Отделение машиностроения
Другие авторы: Сун В.
Примечания:Заглавие с экрана
Язык:русский
Опубликовано: 2022
Серии:Современные производственные технологии
Предметы:
Online-ссылка:http://earchive.tpu.ru/handle/11683/74393
Формат: Электронный ресурс Статья
Запись в KOHA:https://koha.lib.tpu.ru/cgi-bin/koha/opac-detail.pl?biblionumber=635351

MARC

LEADER 00000naa2a2200000 4500
001 635351
005 20231101133846.0
035 |a (RuTPU)RU\TPU\conf\37197 
035 |a RU\TPU\conf\37194 
090 |a 635351 
100 |a 20221227a2022 k y0rusy50 ca 
101 0 |a rus 
102 |a RU 
105 |a y z 100zy 
135 |a drcn ---uucaa 
181 0 |a i  
182 0 |a b 
200 1 |a Исследование по оптимизации усилия фрезерования резьбы в суперсплаве  |f Е. Н. Петровский, В. Сун 
203 |a Текст  |c электронный 
225 1 |a Современные производственные технологии 
230 |a 1 компьютерный файл (pdf; 82 Kb) 
300 |a Заглавие с экрана 
320 |a [Библиогр.: с. 131 (3 назв.)] 
463 0 |0 (RuTPU)RU\TPU\conf\37109  |t Современные проблемы машиностроения  |o сборник трудов XV Международной научно-технической конференции, г. Томск, 22-25 ноября 2022 г.  |f Национальный исследовательский Томский политехнический университет (ТПУ) ; ред. кол. Е. Н. Пашков [и др.]  |v [С. 130-131]  |d 2022 
610 1 |a электронный ресурс 
610 1 |a труды учёных ТПУ 
610 1 |a оптимизация 
610 1 |a фрезерование 
610 1 |a резьбы 
610 1 |a суперсплавы 
610 1 |a режущие инструменты 
610 1 |a оптимизация 
610 1 |a суперсплавы 
700 1 |a Петровский  |b Е. Н.  |c специалист в области машиностроения  |c старший преподаватель Томского политехнического университета  |f 1965-  |g Евгений Николаевич  |2 stltpush  |3 (RuTPU)RU\TPU\pers\33317 
701 1 |a Сун  |b В. 
712 0 2 |a Национальный исследовательский Томский политехнический университет  |b Инженерная школа новых производственных технологий  |b Отделение машиностроения  |h 8881  |2 stltpush  |3 (RuTPU)RU\TPU\col\27843 
801 2 |a RU  |b 63413507  |c 20230126  |g RCR 
856 4 |u http://earchive.tpu.ru/handle/11683/74393 
942 |c BK